000
00292nam a2200121 a 4500
005
20141022142007.0
008
100913s19uu xx 00 eng d
050
_a
CD-ROM
_b
F84 2006
100
_a
Franzoi, Stephen
245
_a
Social sense.
260
_b
Ms-Graw Hill,
_c
2006.
942
_c
AVM
999
_c
276563
_d
276563